সমকালীন নীতিবিদ্যা / (Record no. 2529)

MARC details
000 -LEADER
fixed length control field 01003nam a2200241 a 4500
003 - CONTROL NUMBER IDENTIFIER
control field BD-DhJNU
005 - DATE AND TIME OF LATEST TRANSACTION
control field 20260114053851.0
008 - FIXED-LENGTH DATA ELEMENTS--GENERAL INFORMATION
fixed length control field 251108s2019 bg |||g |||| 000 1|ben|d
020 ## - INTERNATIONAL STANDARD BOOK NUMBER
International Standard Book Number 9844152011
040 ## - CATALOGING SOURCE
Original cataloging agency BD-DhJNU
Language of cataloging ben
Transcribing agency BD-DhJNU
Modifying agency BD-DhJNU
041 ## - LANGUAGE CODE
Language code of text/sound track or separate title ben
082 ## - DEWEY DECIMAL CLASSIFICATION NUMBER
Classification number 170 BHS
Edition number 23
100 ## - MAIN ENTRY--PERSONAL NAME
Personal name ভুঁইয়া, আনোয়ারুল্লাহ
245 10 - TITLE STATEMENT
Title সমকালীন নীতিবিদ্যা /
Statement of responsibility, etc. আনোয়ারুল্লাহ ভুঁইয়া
246 ## - VARYING FORM OF TITLE
Title proper/short title Somokalin Nitibidya
250 ## - EDITION STATEMENT
Edition statement 1st ed.
260 ## - PUBLICATION, DISTRIBUTION, ETC.
Place of publication, distribution, etc. ঢাকা :
Name of publisher, distributor, etc. অবসর প্রকাশনা সংস্থা,
Date of publication, distribution, etc. 2019.
300 ## - PHYSICAL DESCRIPTION
Extent ২২৩ পৃ. :
Other physical details চিত্র ;
Dimensions ২২ সেমি.।
504 ## - BIBLIOGRAPHY, ETC. NOTE
Bibliography, etc. note গ্রন্থপঞ্জিগত নির্দেশিকা ও নিঘন্ট অন্তভূক্ত
650 ## - SUBJECT ADDED ENTRY--TOPICAL TERM
Topical term or geographic name entry element সমকালীন নীতিবিদ্যা
650 ## - SUBJECT ADDED ENTRY--TOPICAL TERM
Topical term or geographic name entry element Contemporary ethics
942 ## - ADDED ENTRY ELEMENTS (KOHA)
Koha item type Books
Holdings
Withdrawn status Lost status Source of classification or shelving scheme Damaged status Not for loan Collection Home library Current library Shelving location Date acquired Source of acquisition Total checkouts Full call number Barcode Date last seen Copy number Price effective from Koha item type
    Dewey Decimal Classification     Non-fiction Jagannath University Central Library Jagannath University Central Library General stacks 01/14/2026 Purchased   170 BHS JNUCL34161 01/14/2026 1 01/14/2026 Books